Sports Quiz

Random Sports or NFL Quiz

NFL Offensive Lines Quiz Stats

Quiz not verified by Sporcle

Challenge
Share
Tweet
Embed
Score 0/160 Timer 15:00
0 Plays Today
Team Player % Correct
Cleveland BrownsJoe Thomas
76.4%
Cincinnati BengalsBobbie Williams
76%
Chicago BearsChris Williams
75.6%
Jacksonville JaguarsMaurice Williams
75.6%
Miami DolphinsDonald Thomas
75.2%
Washington RedskinsMike Williams
75.2%
Indianapolis ColtsJeff Saturday
74.4%
Washington RedskinsLevi Jones
70.8%
Miami DolphinsJake Long
70%
Arizona CardinalsLevi Brown
69.2%
Houston TexansDuane Brown
69.2%
St. Louis RamsJason Brown
68.4%
Baltimore RavensMichael Oher
68%
Indianapolis ColtsCharlie Johnson
68%
New England PatriotsMatt Light
66.8%
Minnesota VikingsSteve Hutchinson
65.2%
New York JetsD'Brickashaw Ferguson
64%
New York JetsNick Mangold
63.6%
Denver BroncosRyan Clady
61.2%
Philadelphia EaglesJason Peters
60.8%
Chicago BearsOrlando Pace
58.8%
Dallas CowboysFlozell Adams
58%
Oakland RaidersRobert Gallery
57.2%
New York JetsAlan Faneca
55.2%
Philadelphia EaglesJamaal Jackson
55.2%
New England PatriotsLogan Mankins
54.8%
Carolina PanthersJordan Gross
54.4%
Dallas CowboysLeonard Davis
52.8%
New York GiantsChris Snee
51.6%
Baltimore RavensMatt Birk
51.2%
Minnesota VikingsBryant McKinnie
50%
Chicago BearsOlin Kreutz
49.6%
Green Bay PackersChad Clifton
49.2%
Tennessee TitansKevin Mawae
49.2%
New York GiantsDavid Diehl
48.8%
New York GiantsShaun O'Hara
48.8%
Buffalo BillsEric Wood
46.4%
Dallas CowboysAndre Gurode
46.4%
Philadelphia EaglesStacy Andrews
42%
New England PatriotsDan Koppen
40.8%
Jacksonville JaguarsEugene Monroe
40%
Pittsburgh SteelersMax Starks
39.6%
New York GiantsKareem McKenzie
37.6%
New Orleans SaintsJahri Evans
36%
Atlanta FalconsSam Baker
34.8%
Dallas CowboysMarc Colombo
34.8%
Kansas City ChiefsBranden Albert
34%
Kansas City ChiefsBrian Waters
34%
Tennessee TitansMichael Roos
34%
Cleveland BrownsAlex Mack
33.6%
Carolina PanthersJeff Otah
32.8%
Green Bay PackersScott Wells
32.8%
Arizona CardinalsReggie Wells
32.4%
Baltimore RavensBen Grubbs
30.8%
Team Player % Correct
New York JetsDamien Woody
30.8%
Minnesota VikingsPhil Loadholt
30.4%
San Francisco 49ersJoe Staley
30.4%
Detroit LionsJeff Backus
28.4%
Detroit LionsGosder Cherilus
26.8%
New England PatriotsStephen Neal
26.8%
Pittsburgh SteelersWillie Colon
26.8%
Baltimore RavensJared Gaither
26.4%
New England PatriotsNick Kaczur
26.4%
Arizona CardinalsMike Gandy
26%
Chicago BearsRoberto Garza
26%
New York JetsBrandon Moore
25.2%
San Diego ChargersMarcus McNeill
25.2%
Indianapolis ColtsRyan Diem
24.8%
Denver BroncosRyan Harris
24.4%
Tampa Bay BuccaneersJeff Faine
24.4%
Tennessee TitansDavid Stewart
24.4%
Philadelphia EaglesWinston Justice
24%
Buffalo BillsJonathan Scott
23.6%
Tennessee TitansJake Scott
23.2%
Cleveland BrownsEric Steinbach
22%
Detroit LionsDominic Raiola
21.6%
Houston TexansChris White
21.6%
Minnesota VikingsJohn Sullivan
21.6%
Buffalo BillsDemetrius Bell
20.8%
Carolina PanthersRyan Kalil
20.8%
Cincinnati BengalsAndrew Whitworth
20.8%
St. Louis RamsRichie Incognito
20.8%
New Orleans SaintsJermon Bushrod
20.4%
San Diego ChargersKris Dielman
20.4%
Dallas CowboysKyle Kosier
20%
Indianapolis ColtsRyan Lilja
20%
Jacksonville JaguarsBrad Meester
20%
Miami DolphinsVernon Carey
20%
Philadelphia EaglesTodd Herremans
20%
Buffalo BillsAndy Levitre
19.6%
Green Bay PackersDaryn Colledge
19.6%
Jacksonville JaguarsEben Britton
19.6%
New York GiantsRich Seubert
19.6%
St. Louis RamsJacob Bell
19.6%
Arizona CardinalsDeuce Lutui
19.2%
Tampa Bay BuccaneersDavin Joseph
19.2%
Denver BroncosCasey Wiegmann
18.8%
Tampa Bay BuccaneersJeremy Trueblood
18.4%
Atlanta FalconsTodd McClure
18%
Seattle SeahawksMax Unger
18%
Tampa Bay BuccaneersDonald Penn
18%
New Orleans SaintsCarl Nicks
17.6%
Oakland RaidersMario Henderson
17.6%
Pittsburgh SteelersJustin Hartwig
17.6%
Miami DolphinsJake Grove
16.8%
Houston TexansEric Winston
16.4%
Oakland RaidersSamson Satele
16.4%
New Orleans SaintsJonathan Stinchcomb
16%
Team Player % Correct
Jacksonville JaguarsVince Manuwai
14.4%
Miami DolphinsJustin Smiley
14.4%
Minnesota VikingsAnthony Herrera
14.4%
Washington RedskinsCasey Rabach
14.4%
Atlanta FalconsHarvey Dahl
14%
Houston TexansChris Myers
14%
Pittsburgh SteelersChris Kemoeatu
14%
St. Louis RamsAlex Barron
13.6%
Atlanta FalconsTyson Clabo
12.8%
New Orleans SaintsJonathan Goodwin
12.8%
Arizona CardinalsLyle Sendlein
12.4%
Green Bay PackersT.J. Lang
12.4%
San Francisco 49ersDavid Baas
12.4%
Cincinnati BengalsKyle Cook
12%
Buffalo BillsGeoff Hangartner
11.6%
Green Bay PackersJosh Sitton
11.6%
Atlanta FalconsJustin Blalock
11.2%
Cleveland BrownsHank Fraley
11.2%
Seattle SeahawksChris Spencer
11.2%
Tampa Bay BuccaneersJeremy Zuttah
11.2%
Washington RedskinsDerrick Dockery
11.2%
Cincinnati BengalsAnthony Collins
10.8%
Baltimore RavensChris Chester
10.4%
Pittsburgh SteelersTrai Essex
10.4%
Seattle SeahawksSean Locklear
10.4%
Detroit LionsStephen Peterman
9.6%
Cincinnati BengalsEvan Mathis
9.2%
Tennessee TitansEugene Amano
9.2%
Carolina PanthersTravelle Wharton
8.4%
Denver BroncosChris Kuper
8.4%
Cleveland BrownsJohn St. Clair
8%
Oakland RaidersKhalif Barnes
7.6%
Chicago BearsFrank Omiyale
7.2%
Kansas City ChiefsMike Goff
7.2%
San Francisco 49ersAdam Snyder
7.2%
San Diego ChargersJeromey Clary
7.2%
Oakland RaidersCooper Carlisle
6.8%
San Francisco 49ersChilo Rachal
6.8%
Kansas City ChiefsRyan O'Callaghan
6.4%
San Francisco 49ersEric Heitmann
6.4%
Kansas City ChiefsRudy Niswanger
6%
Detroit LionsJon Jansen
5.6%
San Diego ChargersLouis Vasquez
5.6%
Denver BroncosRuss Hochstein
5.2%
Seattle SeahawksRay Willis
4.8%
Indianapolis ColtsMike Pollak
4%
San Diego ChargersScott Mruczkowski
3.6%
St. Louis RamsAdam Goldberg
3.6%
Carolina PanthersKeydrick Vincent
2.8%
Houston TexansKasey Studdard
0.8%
Washington RedskinsChad Rinehart
0.8%
Seattle SeahawksSteve Vallos
0.4%

You're not logged in!

Compare scores with friends on all Sporcle quizzes.
Sign Up with Email
OR
Log In

You Might Also Like...

Show Comments

Extras

Top Quizzes Today


Score Distribution

Your Account Isn't Verified!

In order to create a playlist on Sporcle, you need to verify the email address you used during registration. Go to your Sporcle Settings to finish the process.

Report this User

Report this user for behavior that violates our Community Guidelines.

Details: